[Event "Leon"]
[Site "Leon"]
[Date "1995.??.??"]
[Round "7"]
[White "Akopian, Vladimir"]
[Black "Shirov, Alexei"]
[Result "1/2-1/2"]
[WhiteElo "2655"]
[BlackElo "2710"]
[PlyCount "27"]
[EventDate "1995.05.??"]
[Source "ChessBase"]

1. e4 c5 2. Nf3 Nc6 3. d4 cxd4 4. Nxd4 Nf6 5. Nc3 d6 6. Be2 e5 7. Nf3 h6 8. O-O Be7 9. Re1 O-O 10. Bf1 Qa5 11. Bd2 Qd8 12. Bc1 Qa5 13. Bd2 Qd8 14. Bc1 1/2-1/2

[Event "Jugoslavija"]
[Site "?"]
[Date "2000.??.??"]
[Round "?"]
[White "Georgiev, Ki"]
[Black "Nevednichy, V."]
[Result "1-0"]
[WhiteElo "2660"]
[BlackElo "2580"]
[PlyCount "101"]
[EventDate "2000.??.??"]
[Source "Chess Informant"]
[SourceDate "2000.06.01"]

1. e4 c5 2. Nf3 d6 3. d4 cxd4 4. Nxd4 Nf6 5. Nc3 Nc6 6. Be2 e5 7. Nf3 h6 8. O-O Be6 9. Re1 Rc8 10. Bf1 Nb8 11. Nd5 Nbd7 12. c4 Nc5 13. Nxf6+ Qxf6 14. b4 Nd7 15. Be3 a6 16. Rc1 Be7 17. Qd3 O-O 18. Nd2 Rc7 19. Rc3 Rfc8 20. Rec1 Qg6 21. g3 h5 22. Bg2 h4 23. a4 hxg3 24. hxg3 b6 25. c5 bxc5 26. Qxa6 Rb8 27. Rb1 Rcb7 28. b5 Rb6 29. Qa5 Bd8 30. Ra3 f5 31. Qc3 f4 32. gxf4 Bh3 33. Qc4+ d5 34. Qf1 Bxg2 35. Qxg2 d4 36. Nc4 Qxg2+ 37. Kxg2 Rg6+ 38. Kf3 dxe3 39. Rd3 Nb6 40. Nxe5 Rf6 41. Nc6 Bc7 42. e5 Bxe5 43. Nxe5 exf2 44. a5 Rbf8 45. Kxf2 Rxf4+ 46. Kg3 Re4 47. Ng4 Nc4 48. a6 Re6 49. Rbd1 Nb2 50. Rd8 Nxd1 51. Rxf8+ 1-0

[Event "Sibenik"]
[Site "?"]
[Date "2006.09.25"]
[Round "4.1"]
[White "Delchev Aleksander"]
[Black "Kozul Zdenko"]
[Result "0-1"]
[WhiteElo "2637"]
[BlackElo "2593"]
[PlyCount "130"]
[EventDate "2006.??.??"]
[Source "www.chesslib.no"]
[SourceDate "2004.05.04"]

1. e4 c5 2. Nf3 d6 3. d4 cxd4 4. Nxd4 Nf6 5. Nc3 Nc6 6. Be2 e5 7. Nf3 h6 8. O-O Be7 9. Re1 O-O 10. h3 a6 11. Bf1 Re8 12. Nh2 Be6 13. Nd5 Rc8 14. Be3 Nb8 15. c4 Nbd7 16. Qf3 Bxd5 17. exd5 a5 18. b3 Nc5 19. h4 h5 20. g3 Qd7 21. Bd2 b6 22. Bg5 Ng4 23. Bxe7 Rxe7 24. Qe2 Nxh2 25. Kxh2 g6 26. Qe3 f5 27. Qg5 Rg7 28. f4 e4 29. Qf6 Qd8 30. Qxd8+ Rxd8 31. Kg2 Rc7 32. Kf2 a4 33. b4 Nd3+ 34. Bxd3 exd3 35. Rad1 Rxc4 36. Rxd3 Rxb4 37. Rc3 Rd7 38. Rc8+ Kg7 39. Ree8 Rd4 40. Rb8 Rxd5 41. Rxb6 Rd2+ 42. Re2 Rd4 43. Reb2 Re7 44. R6b4 Ree4 45. Rxd4 Rxd4 46. Ke3 Re4+ 47. Kd2 Kf6 48. Rb5 Ke6 49. a3 Kd7 50. Ra5 Kc6 51. Ra6+ Kc5 52. Ra5+ Kb6 53. Rd5 Kc6 54. Ra5 Rc4 55. Kd3 Rc1 56. Rxa4 Rg1 57. Rc4+ Kd7 58. a4 Rxg3+ 59. Kc2 d5 60. Rb4 Kc6 61. Kb2 Kc5 62. Rb3 Rg4 63. a5 Rxf4 64. Ra3 Rxh4 65. a6 Rb4+ 0-1

[Event "Los Angeles"]
[Site "?"]
[Date "1997.??.??"]
[Round "?"]
[White "Smirin, I."]
[Black "Goldin, A."]
[Result "1-0"]
[WhiteElo "2600"]
[BlackElo "2595"]
[PlyCount "77"]
[EventDate "1997.??.??"]
[Source "ChessBase"]
[SourceDate "1997.06.01"]

1. e4 c5 2. Nf3 Nc6 3. d4 cxd4 4. Nxd4 Nf6 5. Nc3 d6 6. Be2 e5 7. Nf3 h6 8. O-O Be7 9. Re1 O-O 10. h3 Be6 11. Bf1 Nb8 12. b3 Nbd7 13. Bb2 a6 14. Nd2 Nc5 15. a4 Qc7 16. Qf3 Bd7 17. a5 Bc6 18. Nd5 Nxd5 19. exd5 Be8 20. Nc4 Bf6 21. Qg3 Rd8 22. Bc1 Kh8 23. b4 Nd7 24. Ra3 Rc8 25. Bd2 Be7 26. f4 b5 27. axb6 Nxb6 28. Ne3 exf4 29. Qxf4 Bg5 30. Qf2 Bb5 31. c4 Bxe3 32. Bxe3 Nxc4 33. Rc3 Qd7 34. Bxh6 f5 35. Qh4 gxh6 36. Re7 Qxe7 37. Qxe7 Rce8 38. Qh4 Kh7 39. Rxc4 1-0

[Event "Rishon Le Ziyyon"]
[Site "Rishon Le Ziyyon"]
[Date "1996.??.??"]
[Round "3"]
[White "Kosashvili, Yona"]
[Black "Kotronias, Vasilios"]
[Result "1/2-1/2"]
[WhiteElo "2580"]
[BlackElo "2610"]
[PlyCount "66"]
[EventDate "1996.02.??"]
[Source "ChessBase"]

1. e4 c5 2. Nf3 Nc6 3. d4 cxd4 4. Nxd4 Nf6 5. Nc3 d6 6. Be2 e5 7. Nf3 h6 8. O-O Be7 9. h3 O-O 10. Re1 Be6 11. Bf1 Nb8 12. a4 Nbd7 13. Nd5 Nxd5 14. exd5 Bf5 15. a5 a6 16. c4 Bg6 17. b4 e4 18. Nd4 Bf6 19. Bb2 Ne5 20. Qb3 Rc8 21. Rac1 Re8 22. c5 dxc5 23. bxc5 Qxa5 24. c6 bxc6 25. Nxc6 Nxc6 26. Bxf6 gxf6 27. dxc6 Rxc6 28. Rxc6 Qxe1 29. Rxf6 Kg7 30. Qb2 Kh7 31. Qa2 Re7 32. Qxa6 e3 33. fxe3 Qxe3+ 1/2-1/2

[Event "Yongchuan (zt) 88/182"]
[Site "?"]
[Date "2003.??.??"]
[Round "?"]
[White "Wu, Wenjin"]
[Black "Zhang, Zhong"]
[Result "1-0"]
[WhiteElo "2531"]
[BlackElo "2658"]
[PlyCount "45"]
[EventDate "2003.??.??"]
[Source "Chess Informant"]
[SourceDate "2003.06.01"]

1. e4 c5 2. Nf3 Nc6 3. d4 cxd4 4. Nxd4 Nf6 5. Nc3 d6 6. Be2 e5 7. Nf3 Be7 8. O-O h6 9. Re1 O-O 10. h3 Be6 11. Bf1 Rc8 12. Nd5 Bxd5 13. exd5 Nb8 14. a4 Qc7 15. c4 a5 16. Ra3 Na6 17. Nh4 Qd7 18. Rg3 Kh8 19. Bd3 e4 20. Bxe4 Rxc4 21. Bxh6 Rg8 22. Bg5 g6 23. Bd3 1-0

[Event "Bled (ol) 86/194"]
[Site "?"]
[Date "2002.??.??"]
[Round "?"]
[White "Zelcic, R."]
[Black "Zhang, Zhong"]
[Result "0-1"]
[WhiteElo "2554"]
[BlackElo "2620"]
[PlyCount "200"]
[EventDate "2002.??.??"]
[Source "Chess Informant"]
[SourceDate "2002.10.01"]

1. e4 c5 2. Nf3 Nc6 3. d4 cxd4 4. Nxd4 Nf6 5. Nc3 d6 6. Be2 e5 7. Nf3 h6 8. O-O Be7 9. Re1 O-O 10. h3 Be6 11. Bf1 Rc8 12. Nd5 Bxd5 13. exd5 Nb8 14. c4 Nbd7 15. Nh4 Ne8 16. Nf5 Bg5 17. Qg4 Bxc1 18. Raxc1 Kh7 19. Bd3 g6 20. Nh4 Rg8 21. b4 b6 22. Bb1 Nef6 23. Qd1 Rc7 24. Nf3 Kg7 25. Nd2 Qc8 26. Bc2 a5 27. a3 axb4 28. axb4 b5 29. cxb5 Qb7 30. Ne4 Nxe4 31. Bxe4 Rxc1 32. Qxc1 Qxb5 33. Qd2 Rb8 34. Rb1 Nf6 35. Bf3 h5 36. Qc3 Rb6 37. Qc7 e4 38. Be2 Nxd5 39. Qc2 Qe8 40. Qb2+ Qe5 41. Qxe5+ dxe5 42. b5 Nc3 43. Rb2 Nxe2+ 44. Rxe2 f5 45. Rb2 Kf6 46. Kf1 Ke6 47. Ke2 Kd5 48. Rd2+ Kc4 49. Rc2+ Kd5 50. Rd2+ Kc5 51. Rc2+ Kxb5 52. Rc7 Rc6 53. Re7 Kc4 54. Rxe5 Kd4 55. Re8 h4 56. Rh8 Rc2+ 57. Kf1 Rc1+ 58. Ke2 Ra1 59. Rg8 Ra6 60. Rh8 Ra2+ 61. Kf1 Ra1+ 62. Ke2 Rg1 63. Rxh4 Rxg2 64. Kf1 Rg5 65. Rh8 Ke5 66. Rb8 Rh5 67. Rb6 g5 68. Rb5+ Kf4 69. Kg2 Rh8 70. Ra5 Rb8 71. Rc5 Ra8 72. Rb5 Ra2 73. Rb3 Ke5 74. Rb5+ Kf6 75. Rb6+ Kf7 76. Rb7+ Kg6 77. Rb6+ Kh5 78. Re6 Rb2 79. Re8 Rc2 80. Kf1 Rc1+ 81. Kg2 Re1 82. Rh8+ Kg6 83. Rg8+ Kf6 84. Rf8+ Kg6 85. Rg8+ Kh6 86. Rf8 f4 87. Re8 Kg6 88. Rg8+ Kf5 89. Rf8+ Ke5 90. Re8+ Kd4 91. Rd8+ Kc4 92. Rc8+ Kd3 93. Ra8 f3+ 94. Kh2 Rf1 95. Ra2 Kd4 96. Kg3 Rg1+ 97. Kh2 Rg2+ 98. Kh1 Ke5 99. h4 g4 100. h5 g3 0-1

[Event "Haifa ISR"]
[Site "Haifa ISR"]
[Date "1993.??.??"]
[Round "?"]
[White "Smirin, Ilia"]
[Black "Greenfeld, Alon"]
[Result "1-0"]
[WhiteElo "2590"]
[BlackElo "2580"]
[PlyCount "77"]
[EventDate "1993.??.??"]
[Source "www.chesslib.no"]
[SourceDate "2004.05.04"]

1. e4 c5 2. Nf3 d6 3. d4 cxd4 4. Nxd4 Nf6 5. Nc3 Nc6 6. Be2 e5 7. Nf3 h6 8. O-O Be7 9. Re1 O-O 10. h3 Be6 11. Bf1 Nb8 12. b3 Nbd7 13. Bb2 a6 14. a4 Rc8 15. a5 Re8 16. Nd5 Nxd5 17. exd5 Bf5 18. c4 e4 19. Nd2 Bg5 20. b4 e3 21. Nf3 Bf6 22. Bxf6 exf2+ 23. Kxf2 Qxf6 24. Qd4 Ne5 25. Ra3 Bd7 26. Rae3 Kf8 27. Rc3 g5 28. Kg3 h5 29. Nxe5 Rxe5 30. Rf3 Qxf3+ 31. Kxf3 Rxe1 32. Be2 Re8 33. Qh8+ Ke7 34. Qc3 Rh1 35. c5 g4+ 36. Kf4 Bc8 37. cxd6+ Kxd6 38. Qc5+ Kd7 39. Bd3 1-0

[Event "Bern"]
[Site "?"]
[Date "1994.??.??"]
[Round "?"]
[White "Glek, I."]
[Black "Lobron, E."]
[Result "1/2-1/2"]
[WhiteElo "2590"]
[BlackElo "2570"]
[PlyCount "145"]
[EventDate "1994.??.??"]
[Source "ChessBase"]
[SourceDate "1994.02.01"]

1. e4 c5 2. Nf3 d6 3. d4 cxd4 4. Nxd4 Nf6 5. Nc3 Nc6 6. Be2 e5 7. Nf3 h6 8. O-O Be7 9. Re1 O-O 10. h3 Be6 11. Bf1 Qa5 12. Bd2 Qd8 13. Bc1 Qa5 14. Bd2 Qd8 15. Na4 Na5 16. b3 Bd7 17. Nc3 a6 18. b4 Nc6 19. Nd5 Nxd5 20. exd5 Nd4 21. c4 Nxf3+ 22. Qxf3 b5 23. a4 bxc4 24. Bxc4 Bg5 25. Be3 f5 26. b5 Bxe3 27. Qxe3 f4 28. Qf3 axb5 29. axb5 Qb6 30. Bf1 Rab8 31. Qb3 Rfc8 32. Rec1 Rxc1 33. Rxc1 e4 34. Re1 e3 35. fxe3 Re8 36. Kh2 fxe3 37. Qd3 Re5 38. Rc1 Bf5 39. Qd1 Kh7 40. Rc6 Qa5 41. b6 Qb4 42. Qf3 Bg6 43. Ba6 Re8 44. b7 e2 45. Bxe2 Qxb7 46. Rxd6 Qc7 47. Qg3 Rxe2 48. Qxg6+ Kg8 49. Qg3 Re1 50. Rg6 Qxg3+ 51. Kxg3 Rd1 52. Rd6 Kf7 53. Kf4 Rf1+ 54. Ke5 Re1+ 55. Kd4 Rg1 56. g4 Rg3 57. Re6 Rxh3 58. Re4 Rh1 59. d6 Kf6 60. Kd5 Rd1+ 61. Kc6 Rc1+ 62. Kb7 Rb1+ 63. Kc7 Rc1+ 64. Kd8 Rd1 65. d7 g6 66. Rc4 Kg5 67. Kc7 h5 68. Rc6 Rxd7+ 69. Kxd7 h4 70. Ke6 h3 71. Kf7 Kxg4 72. Rxg6+ Kf3 73. Rh6 1/2-1/2

[Event "Luzern"]
[Site "?"]
[Date "1993.??.??"]
[Round "?"]
[White "Zagrebelny, S."]
[Black "Benjamin, J."]
[Result "0-1"]
[WhiteElo "2535"]
[BlackElo "2620"]
[PlyCount "201"]
[EventDate "1993.??.??"]
[Source "ChessBase"]
[SourceDate "1993.10.01"]

1. e4 c5 2. Nf3 d6 3. d4 cxd4 4. Nxd4 Nf6 5. Nc3 Nc6 6. Be2 e5 7. Nf3 h6 8. O-O Be7 9. Re1 O-O 10. h3 Be6 11. Bf1 Nb8 12. a4 Nbd7 13. a5 a6 14. Nd5 Nxd5 15. exd5 Bf5 16. c4 Re8 17. b4 Bf6 18. Be3 e4 19. Nd4 Bg6 20. Qb3 Rc8 21. Red1 Bg5 22. c5 Bxe3 23. fxe3 dxc5 24. Ne6 Qe7 25. Nxc5 Nxc5 26. bxc5 Qxc5 27. d6 Red8 28. Ra4 Rxd6 29. Rc4 Rxd1 30. Rxc5 Rxf1+ 31. Kxf1 Rxc5 32. Qb6 Rb5 33. Qd8+ Kh7 34. g4 f6 35. Kf2 h5 36. Kg3 hxg4 37. hxg4 Re5 38. Qc7 Rb5 39. Qd8 Rb3 40. Kf4 Rb1 41. Kg3 Rb5 42. Kf4 Re5 43. Qc7 Rg5 44. Qb6 Rb5 45. Qd8 Bf7 46. Kxe4 Be6 47. Kf3 Rg5 48. Qc7 Bxg4+ 49. Kf4 Bh5 50. Ke4 Re5+ 51. Kf4 Bg6 52. Qd8 Be4 53. Kg3 Kg6 54. Qc7 Rf5 55. Kh2 Rg5 56. Kh3 Bg2+ 57. Kh2 Bc6 58. Qd8 Rd5 59. Qb6 Rb5 60. Qc7 Re5 61. Qb6 Kh5 62. Kg1 Kg4 63. Kf2 Rf5+ 64. Ke2 g5 65. Qc7 Bb5+ 66. Kd2 Rf2+ 67. Kd1 Bc6 68. Ke1 Rg2 69. Kf1 f5 70. Qf7 Be4 71. Qe6 Kf3 72. Qh6 Kxe3 73. Qd6 Kf3 74. Qa3+ Kg4 75. Qb3 Bf3 76. Qb4+ f4 77. Qc3 Kg3 78. Qe5 Rf2+ 79. Kg1 Rg2+ 80. Kf1 Be2+ 81. Ke1 g4 82. Qc3+ Bf3 83. Kf1 Rh2 84. Qe1+ Kh3 85. Qc3 Re2 86. Qh8+ Kg3 87. Qc3 Re3 88. Qd2 Re2 89. Qc3 Re3 90. Qd2 Rb3 91. Qc2 Ra3 92. Qf2+ Kh3 93. Qb2 Re3 94. Qd2 Be2+ 95. Kg1 Rg3+ 96. Kf2 Bb5 97. Qb4 Rf3+ 98. Ke1 g3 99. Qf8 Kg2 100. Qf7 Rf1+ 101. Kd2 0-1

[Event "Cannes op 18th"]
[Site "Cannes"]
[Date "1997.??.??"]
[Round "4"]
[White "Sokolov, Andrei"]
[Black "Sermek, Drazen"]
[Result "1-0"]
[WhiteElo "2580"]
[BlackElo "2575"]
[PlyCount "113"]
[EventDate "1997.02.22"]
[Source "ChessBase"]

1. e4 c5 2. Nf3 Nc6 3. d4 cxd4 4. Nxd4 Nf6 5. Nc3 d6 6. Be2 e5 7. Nf3 h6 8. O-O Be7 9. Re1 O-O 10. h3 Be6 11. Bf1 Qa5 12. a3 a6 13. Be3 Nb8 14. Nh4 Rd8 15. Qf3 Nxe4 16. Qxe4 d5 17. Qxe5 Nc6 18. Qg3 Bxh4 19. Qxh4 d4 20. Bxh6 dxc3 21. Qg3 g6 22. bxc3 Qh5 23. Bg5 Rd5 24. h4 Rc8 25. Be2 Qh8 26. Rab1 b5 27. a4 Rc5 28. axb5 axb5 29. Bxb5 Qxc3 30. Bd3 Nb4 31. Be3 Nxd3 32. cxd3 Qxd3 33. Bxc5 Qxg3 34. fxg3 Rxc5 35. Rb4 Rc2 36. Rf1 Kg7 37. Rf2 Rc3 38. Kh2 Rc5 39. Rfb2 Rd5 40. g4 Rc5 41. g5 Re5 42. Rd4 Rc5 43. Rb8 Rc7 44. Rdd8 f5 45. Rd6 Bd7 46. Rbb6 Be8 47. Rd4 Bf7 48. Kg3 Rc3+ 49. Kf4 Rc7 50. g4 fxg4 51. Kxg4 Re7 52. Kf4 Rc7 53. Ke5 Re7+ 54. Kd6 Re6+ 55. Kc7 Re5 56. Rf6 Be8 57. Rdd6 1-0

[Event "ISR-chT"]
[Site "Israel"]
[Date "1996.??.??"]
[Round "5"]
[White "Kosashvili, Yona"]
[Black "Huzman, Alexander"]
[Result "0-1"]
[WhiteElo "2580"]
[BlackElo "2570"]
[PlyCount "96"]
[EventDate "1996.??.??"]
[Source "ChessBase"]

1. e4 c5 2. Nf3 d6 3. d4 cxd4 4. Nxd4 Nf6 5. Nc3 Nc6 6. Be2 e5 7. Nf3 h6 8. O-O Be7 9. Re1 O-O 10. h3 Be6 11. Bf1 Nb8 12. b3 Nbd7 13. Bb2 Re8 14. a4 a6 15. Qd2 Rc8 16. Rad1 Qc7 17. Qe3 Qc6 18. Rd2 Bd8 19. b4 Bc4 20. b5 Qc7 21. Ba1 Bxf1 22. Rxf1 Nb6 23. Rdd1 Nc4 24. Qd3 Qc5 25. Nh2 h5 26. Qf3 axb5 27. Nxb5 Ba5 28. Qd3 Red8 29. Nf3 Qb4 30. Bc3 Qxa4 31. Na7 Rc5 32. Ra1 Qd7 33. Bxa5 Nxa5 34. Rfb1 b6 35. Nb5 Qc6 36. Ng5 Rxc2 37. Rf1 Qc5 38. Rad1 d5 39. exd5 Rxd5 40. Qf5 Rc4 41. Rxd5 Qxd5 42. Rb1 Qc5 43. Kh2 Qe7 44. Rd1 g6 45. Qd3 Kg7 46. Qe3 Rc6 47. Qf3 e4 48. Qe2 Qe5+ 0-1

[Event "New York"]
[Site "?"]
[Date "1994.??.??"]
[Round "?"]
[White "Fishbein, A."]
[Black "Yermolinsky, A."]
[Result "1-0"]
[WhiteElo "2525"]
[BlackElo "2620"]
[PlyCount "83"]
[EventDate "1994.??.??"]
[Source "ChessBase"]
[SourceDate "1994.02.01"]

1. e4 c5 2. Nf3 d6 3. d4 cxd4 4. Nxd4 Nf6 5. Nc3 Nc6 6. Be2 e5 7. Nf3 h6 8. O-O Be7 9. Re1 O-O 10. h3 Be6 11. Bf1 Qa5 12. a3 Rac8 13. Rb1 a6 14. b4 Qc7 15. Nd5 Bxd5 16. exd5 Na7 17. c4 b5 18. Bb2 bxc4 19. Rc1 Qb7 20. Bxc4 a5 21. Qe2 Rb8 22. Nd4 axb4 23. Nc6 bxa3 24. Bxa3 Nxc6 25. dxc6 Qc7 26. Ba6 Rb3 27. Qa2 Rb6 28. Bb7 Re8 29. Bb2 Rb5 30. Bc3 Nd5 31. Bd2 Bg5 32. Bxg5 hxg5 33. Qc4 Rc5 34. Qg4 Rxc1 35. Rxc1 Nf4 36. Qd7 Qxd7 37. cxd7 Rf8 38. Rc8 Ne6 39. Re8 Nd8 40. Bd5 g6 41. Kf1 Kg7 42. Ke2 1-0

[Event "Biel (izt)"]
[Site "?"]
[Date "1993.??.??"]
[Round "?"]
[White "Ye, Jiangchuan"]
[Black "Granda Zuniga, J."]
[Result "0-1"]
[WhiteElo "2535"]
[BlackElo "2605"]
[PlyCount "86"]
[EventDate "1993.??.??"]
[Source "ChessBase"]
[SourceDate "1993.06.01"]

1. e4 c5 2. Nf3 Nc6 3. d4 cxd4 4. Nxd4 Nf6 5. Nc3 d6 6. Be2 e5 7. Nf3 h6 8. O-O Be7 9. Re1 O-O 10. h3 Be6 11. Bf1 Rc8 12. Nd5 Bxd5 13. exd5 Nb8 14. c4 Nbd7 15. b4 a5 16. a3 Nb6 17. Qb3 a4 18. Qa2 Qc7 19. Nd2 Nfd7 20. Rd1 Kh8 21. Bb2 f5 22. Rac1 e4 23. Nb1 Bg5 24. Rc2 e3 25. fxe3 Bxe3+ 26. Kh1 Qd8 27. Nc3 Qh4 28. Nb5 Nf6 29. Bxf6 Rxf6 30. Rc3 f4 31. Qc2 Nd7 32. Qe4 Qh5 33. Qf3 Qg5 34. c5 Ne5 35. Qe2 dxc5 36. d6 b6 37. bxc5 bxc5 38. Rd5 Rf7 39. Qd1 Rd8 40. Be2 Rf5 41. Nc7 Qg3 42. Qf1 f3 43. Rxe3 Ng4 0-1

[Event "Cup Yug M 2002"]
[Site "?"]
[Date "2002.05.18"]
[Round "6"]
[White "Spasov Vasil V"]
[Black "Nevednichy Vladislav"]
[Result "1/2-1/2"]
[WhiteElo "2577"]
[BlackElo "2560"]
[PlyCount "31"]
[EventDate "2002.??.??"]
[Source "www.chesslib.no"]
[SourceDate "2004.05.04"]

1. e4 c5 2. Nf3 d6 3. d4 cxd4 4. Nxd4 Nf6 5. Nc3 Nc6 6. Be2 e5 7. Nf3 Be7 8. O-O O-O 9. Bg5 Be6 10. Bxf6 Bxf6 11. Nd5 Bxd5 12. Qxd5 Qc7 13. c3 g6 14. Rad1 Rad8 15. Bc4 Kh8 16. Qd3 1/2-1/2

[Event "Graz op"]
[Site "Graz"]
[Date "1997.??.??"]
[Round "8"]
[White "Balinov, Ilija"]
[Black "Baklan, Vladimir"]
[Result "1/2-1/2"]
[WhiteElo "2560"]
[BlackElo "2570"]
[PlyCount "58"]
[EventDate "1997.10.??"]
[Source "www.chesslib.no"]
[SourceDate "2004.05.04"]

1. e4 c5 2. Nf3 d6 3. d4 cxd4 4. Nxd4 Nf6 5. Nc3 Nc6 6. Be2 e5 7. Nf3 h6 8. O-O Be7 9. Re1 O-O 10. h3 Re8 11. Bf1 a6 12. a4 Nb4 13. Bc4 Be6 14. Bxe6 fxe6 15. Na2 Nxa2 16. Rxa2 d5 17. Nxe5 dxe4 18. Ra1 Rc8 19. c3 Qd5 20. Ng4 Nd7 21. Be3 h5 22. Nh2 Ne5 23. Qe2 Nd3 24. Red1 Rcd8 25. Rd2 Qf5 26. Rad1 e5 27. f3 exf3 28. Nxf3 e4 29. Ne1 Ne5 1/2-1/2

[Event "Bar"]
[Site "Bar"]
[Date "1997.??.??"]
[Round "3"]
[White "Sokolov, Andrei"]
[Black "Popovic, Petar"]
[Result "1/2-1/2"]
[WhiteElo "2585"]
[BlackElo "2545"]
[PlyCount "59"]
[EventDate "1997.11.19"]
[Source "ChessBase"]
[SourceDate "1998.04.09"]

1. e4 c5 2. Nf3 d6 3. d4 cxd4 4. Nxd4 Nf6 5. Nc3 Nc6 6. Be2 e5 7. Nf3 h6 8. O-O Be7 9. Re1 O-O 10. h3 Be6 11. Bf1 Qa5 12. Bd2 Qd8 13. Bc1 Qa5 14. a3 Rfc8 15. Rb1 Nb8 16. Nh4 Qb6 17. Qf3 Nc6 18. Be3 Qa5 19. Nf5 Bxf5 20. Qxf5 Nd4 21. Bxd4 g6 22. Qf3 exd4 23. Nb5 Rxc2 24. Nxd4 Rc7 25. Nb5 Rc6 26. Rbd1 a6 27. Nd4 Rc7 28. Qb3 Rac8 29. Nf3 Nd7 30. Qe3 1/2-1/2

[Event "It (Open) Baku AZE"]
[Site "?"]
[Date "2005.10.28"]
[Round "6"]
[White "Iuldachev Saidali"]
[Black "Gelashvili Tamaz"]
[Result "0-1"]
[WhiteElo "2541"]
[BlackElo "2579"]
[PlyCount "90"]
[EventDate "2005.??.??"]
[Source "www.chesslib.no"]
[SourceDate "2004.05.04"]

1. e4 c5 2. Nc3 Nc6 3. Nf3 d6 4. d4 cxd4 5. Nxd4 Nf6 6. Be2 e5 7. Nf3 h6 8. O-O Be7 9. Re1 O-O 10. h3 Be6 11. Bf1 Qd7 12. Nd5 Bd8 13. c4 Nh7 14. b3 Ng5 15. Nxg5 hxg5 16. Be3 g4 17. hxg4 Ba5 18. Bd2 Bxg4 19. Be2 Bxe2 20. Rxe2 Bxd2 21. Rxd2 Rad8 22. Rc1 f5 23. exf5 Qxf5 24. Rc3 Rf7 25. Rf3 Qg4 26. Ne3 Qe6 27. Rxf7 Kxf7 28. c5 Nd4 29. cxd6 Rxd6 30. Nc4 Rd5 31. Rd3 b5 32. Ne3 Rc5 33. Qh5+ Qg6 34. Qxg6+ Kxg6 35. f3 Kf6 36. b4 Rc1+ 37. Kh2 Ke6 38. Ra3 Nc6 39. Kg3 Rb1 40. Rc3 Nxb4 41. a3 Nd5 42. Nxd5 Kxd5 43. Rc7 a5 44. Rxg7 Rb3 45. Rg4 Rxa3 0-1

[Event "Linares"]
[Site "?"]
[Date "1996.??.??"]
[Round "?"]
[White "Glek, I."]
[Black "Volzhin, A."]
[Result "1-0"]
[WhiteElo "2635"]
[BlackElo "2485"]
[PlyCount "73"]
[EventDate "1996.??.??"]
[Source "ChessBase"]
[SourceDate "1996.02.01"]

1. e4 c5 2. Nf3 d6 3. d4 cxd4 4. Nxd4 Nf6 5. Nc3 Nc6 6. Be2 e5 7. Nf3 h6 8. O-O Be7 9. Re1 O-O 10. h3 Re8 11. Bf1 Bf8 12. Nh2 a6 13. Ng4 Nxg4 14. hxg4 Be6 15. Nd5 Rc8 16. Be3 Be7 17. c3 Bg5 18. Bb6 Qd7 19. f3 g6 20. Bf2 Qd8 21. g3 Ne7 22. a4 Nxd5 23. exd5 Bd7 24. Qb3 Qc7 25. Re4 Re7 26. Bb6 Qb8 27. Rae1 Rce8 28. Rc4 Bc8 29. Qb4 f5 30. gxf5 Bxf5 31. g4 Bc8 32. Bd3 Rg7 33. Kg2 h5 34. Bc7 Rxc7 35. Qxd6 Bd8 36. Qxg6+ Kf8 37. Rf4+ 1-0

[Event "Balkaniad (Men)"]
[Site "Ankara TUR"]
[Date "1993.??.??"]
[Round "1"]
[White "Spasov, Vasil V"]
[Black "Kotronias, Vasilios"]
[Result "1-0"]
[WhiteElo "2520"]
[BlackElo "2590"]
[PlyCount "133"]
[EventDate "1993.??.??"]
[Source "www.chesslib.no"]
[SourceDate "2004.05.04"]

1. e4 c5 2. Nf3 d6 3. d4 cxd4 4. Nxd4 Nf6 5. Nc3 Nc6 6. Be2 e5 7. Nf3 h6 8. O-O Be6 9. Re1 a6 10. Bf1 Qa5 11. Nd2 Nd4 12. Nc4 Qc5 13. Na4 Qc6 14. c3 Nb5 15. Ncb6 Rd8 16. c4 Nd4 17. Nd5 b5 18. cxb5 Nxb5 19. Nxf6+ gxf6 20. Be3 Be7 21. Rc1 Qb7 22. Nb6 Qxe4 23. a4 Nd4 24. Bxd4 Qxd4 25. Qxd4 exd4 26. Bxa6 d5 27. Bb5+ Kf8 28. Red1 Rb8 29. Rc6 Kg7 30. Rxd4 Rxb6 31. Rxb6 Bc5 32. Rxe6 fxe6 33. Rg4+ Kf7 34. b4 f5 35. Rh4 Be7 36. Rd4 Rc8 37. Bf1 Rc2 38. a5 Ra2 39. g3 Ke8 40. h3 Kd7 41. g4 Bf6 42. Rf4 Bg5 43. Rf3 fxg4 44. hxg4 Bd2 45. Rb3 Kc7 46. a6 Ra4 47. b5 Rxg4+ 48. Kh1 Kb6 49. Ra3 Rg7 50. Rf3 Re7 51. Kg2 Ka7 52. Kh3 Ba5 53. Rf6 Bb6 54. f4 h5 55. Be2 Bd4 56. Rf8 Bc5 57. Rc8 Be3 58. Rc6 Bb6 59. Bxh5 d4 60. Bg6 e5 61. f5 Rd7 62. Rf6 d3 63. Rf7 Rxf7 64. Bxf7 Bc5 65. Bc4 d2 66. Be2 Kb6 67. f6 1-0

[Event "tt"]
[Site "Clichy tt"]
[Date "1995.??.??"]
[Round "?"]
[White "Glek, Igor V"]
[Black "Groszpeter, Attila"]
[Result "1-0"]
[WhiteElo "2590"]
[BlackElo "2520"]
[PlyCount "85"]
[EventDate "1995.??.??"]
[Source "www.chesslib.no"]
[SourceDate "2004.05.04"]

1. e4 c5 2. Nf3 d6 3. d4 cxd4 4. Nxd4 Nf6 5. Nc3 Nc6 6. Be2 e5 7. Nf3 h6 8. O-O Be7 9. Re1 O-O 10. h3 Re8 11. Bf1 Bf8 12. Nh2 a6 13. Ng4 Nxg4 14. hxg4 Be6 15. Nd5 Ne7 16. g5 hxg5 17. Bxg5 Bxd5 18. Bxe7 Rxe7 19. Qxd5 Qb6 20. Qb3 Qxb3 21. axb3 Rd7 22. Bc4 g6 23. c3 Kg7 24. b4 Rc8 25. Bd5 Be7 26. Re3 Bd8 27. Rd3 Ra8 28. Bc4 Bc7 29. Rd2 Rdd8 30. Bd5 Rab8 31. Rd3 Rf8 32. Kf1 Rh8 33. Ke2 Rh2 34. Rf3 f6 35. Rh3 Rxh3 36. gxh3 f5 37. h4 Kf6 38. Rh1 a5 39. bxa5 Bxa5 40. h5 Rh8 41. h6 Rb8 42. b4 Bb6 43. Bxb7 1-0

[Event "It (open)"]
[Site "?"]
[Date "2005.05.04"]
[Round "6"]
[White "Zelcic Robert"]
[Black "Kozul Zdenko"]
[Result "0-1"]
[WhiteElo "2514"]
[BlackElo "2591"]
[PlyCount "92"]
[EventDate "2005.??.??"]
[Source "www.chesslib.no"]
[SourceDate "2004.05.04"]

1. e4 c5 2. Nf3 Nc6 3. d4 cxd4 4. Nxd4 Nf6 5. Nc3 d6 6. Be2 e5 7. Nf3 h6 8. O-O Be7 9. Re1 O-O 10. h3 Be6 11. Bf1 Nb8 12. b3 a6 13. a4 Nbd7 14. Bb2 Rc8 15. a5 Re8 16. Nd2 Nb8 17. Bc4 Nc6 18. Bxe6 fxe6 19. Nc4 Qc7 20. Bc1 Rcd8 21. Be3 d5 22. exd5 exd5 23. Bb6 Qb8 24. Bxd8 Rxd8 25. Nd2 Bb4 26. Ne2 Bxa5 27. Ng3 e4 28. Rxa5 Nxa5 29. Qa1 Nc6 30. c4 Nb4 31. Re2 e3 32. Ndf1 exf2+ 33. Rxf2 Qa7 34. Qc3 Qc5 35. Ne3 Ne4 36. Nxe4 dxe4 37. Rf5 Nd5 38. Qe5 Qxe3+ 39. Kh2 Nc3 40. Rf3 Qd4 41. Qxd4 Rxd4 42. Rxc3 Rd3 43. Rc2 Rxb3 44. c5 a5 45. c6 bxc6 46. Rxc6 e3 0-1

[Event "Osijek"]
[Site "Osijek"]
[Date "1993.??.??"]
[Round "2"]
[White "Lau, Ralf"]
[Black "Kozul, Zdenko"]
[Result "1-0"]
[WhiteElo "2510"]
[BlackElo "2595"]
[PlyCount "95"]
[EventDate "1993.11.??"]
[Source "ChessBase"]

1. e4 c5 2. Nf3 d6 3. d4 cxd4 4. Nxd4 Nf6 5. Nc3 Nc6 6. Be2 e5 7. Nf3 h6 8. O-O Be7 9. Re1 O-O 10. h3 Be6 11. Bf1 Nb8 12. a4 Re8 13. b3 Nbd7 14. Bb2 Qc7 15. a5 a6 16. Nd2 Qc6 17. Nc4 Rad8 18. Qf3 Bf8 19. Rad1 Qc7 20. Nd5 Bxd5 21. exd5 g6 22. Ba3 Nh7 23. Qc3 f5 24. Qb4 Ndf6 25. Qb6 Qd7 26. b4 Ne4 27. Bb2 Nhg5 28. Bd3 Rc8 29. h4 Nf7 30. Qe3 Qa4 31. Nb6 Qxb4 32. Nxc8 Qxb2 33. Rb1 Qc3 34. Nb6 Nf6 35. Rb3 Qc7 36. c4 e4 37. Be2 h5 38. Qg3 Ne5 39. Reb1 Bh6 40. Qc3 Rb8 41. c5 e3 42. f3 dxc5 43. d6 Qxd6 44. Nc4 Nxc4 45. Bxc4+ Kg7 46. Rb6 Qe7 47. Re6 Qd8 48. Rbb6 1-0

[Event "Carlos Torre op 13th"]
[Site "Merida"]
[Date "2000.12.18"]
[Round "5"]
[White "Hernandez, Gilberto"]
[Black "Gonzalez, Juan Carlos"]
[Result "1/2-1/2"]
[WhiteElo "2572"]
[BlackElo "2531"]
[PlyCount "82"]
[EventDate "2000.12.15"]
[Source "ChessBase"]
[SourceDate "2001.01.11"]

1. e4 c5 2. Nf3 Nc6 3. d4 cxd4 4. Nxd4 Nf6 5. Nc3 d6 6. Be2 e5 7. Nf3 h6 8. O-O Be7 9. Re1 O-O 10. Bf1 Bg4 11. h3 Bh5 12. g4 Bg6 13. Bg2 Bh7 14. b3 Rc8 15. Bb2 Nd7 16. Qd2 Nc5 17. Rad1 Re8 18. a3 Bg6 19. b4 Ne6 20. Nd5 Bg5 21. Qd3 h5 22. c3 hxg4 23. hxg4 Bh6 24. Qb5 Rb8 25. Qe2 Nf4 26. Nxf4 Bxf4 27. Rd3 Re6 28. Red1 Qe7 29. Bh3 Re8 30. Kg2 Bh7 31. a4 Rh6 32. Rh1 Nd8 33. g5 Rxh3 34. Rxh3 Ne6 35. Kf1 Bxg5 36. Nxg5 Nxg5 37. Rh4 Bg6 38. Bc1 Nh7 39. Rdh3 Qe6 40. Kg1 a6 41. c4 Rc8 1/2-1/2